000 00417nam a2200181Ia 4500
001 19739
005 20260306172715.0
008 260306t2017||||xx |||||||||||||| ||spa||
041 _aESP
082 _a341
_bP27
100 _aPastore, Baldassare
_eAUT
245 0 _aLe ragioni del diritto
260 _c2017
300 _a343 páginas :
_c24 cm.
650 _aGEN
654 _aCDE
942 _cLIB
_dJUS
_fJUS
_2ddc
_n
999 _c19739
_d19739